Les scènes navales figurées sur les talatat du IXe pylône de Karnak /
Main Author:
Other Authors:
Format: Book
Language: Undetermined
Published:
Cairo :
Institut français d'archéologie orientale ,
2025.
Series:
Bibliothèque générale (Institut français d'archéologie orientale du Caire) ;
77
Travaux du Centre franco-égyptien d'étude des temples de Karnak
Subjects:
Tags: Add Tag
Call Number: DT73 .K4 V47 2025
| LEADER | 01098nam a22002777a 4500 | ||
|---|---|---|---|
| 003 | OSt | ||
| 005 | 20260429132150.0 | ||
| 008 | 260427t9999||||xx a||||||||||||| ||und|| | ||
| 020 | |a 9782724710861 | ||
| 050 | 1 | 4 | |a DT73 .K4 |b V47 2025 |
| 100 | 0 | |a Vergnieux, Robert | |
| 245 | 1 | 0 | |a Les scènes navales figurées sur les talatat du IXe pylône de Karnak / |c Robert Vergnieux. |
| 264 | 1 | |a Cairo : |b Institut français d'archéologie orientale , |c 2025. | |
| 300 | |a 207 pages : |b illustrations ; |c 33 cm. | ||
| 490 | 0 | |a BiGen 77 | |
| 500 | |a Includes bibliographical references (pages 197-207) and index. | ||
| 650 | 4 | |a Bas-relief |z Egypt |z Karnak. | |
| 650 | 4 | |a Excavations (Archaeology) |z Egypt |z Karnak. | |
| 650 | 4 | |a Inscriptions, Egyptian |z Egypt |z Karnak. | |
| 650 | 4 | |a Naval art and science |z Egypt |z Karnak |x History. | |
| 700 | 0 | |a Belov, Alexandre | |
| 830 | |a Bibliothèque générale (Institut français d'archéologie orientale du Caire) ; |v 77 | ||
| 830 | |a Travaux du Centre franco-égyptien d'étude des temples de Karnak | ||
| 901 | |a reviewed | ||
| 942 | |2 lcc |c BK | ||
| 999 | |c 61897 |d 61897 | ||
